Online
Catalog

Ensayos sobre la guerra restauradora / (Record no. 48234)

MARC details
000 -CABECERA
campo de control de longitud fija 03252nam a2200349 a 4500
001 - NÚMERO DE CONTROL
campo de control 000048746
003 - IDENTIFICADOR DEL NÚMERO DE CONTROL
campo de control Ost
005 - FECHA Y HORA DE LA ÚLTIMA TRANSACCIÓN
campo de control 20250129073606.0
008 - DATOS DE LONGITUD FIJA--INFORMACIÓN GENERAL
campo de control de longitud fija 190411s2016 dr ac 000 0 spa d
020 ## - NÚMERO INTERNACIONAL ESTÁNDAR DEL LIBRO
Número Internacional Estándar del Libro 9789945161335
040 ## - FUENTE DE LA CATALOGACIÓN
Centro catalogador/agencia de origen DO-SdBNP
Lengua de catalogación spa
Centro/agencia transcriptor BNPHU
082 ## - NÚMERO DE LA CLASIFICACIÓN DECIMAL DEWEY
Número de clasificación 972.9304
Número de documento/Ítem E59s, 2016
245 00 - MENCIÓN DE TÍTULO
Título Ensayos sobre la guerra restauradora /
Mención de responsabilidad, etc. edidtor Juan Daniel Balcácer ; presentación José Chez Checo.
250 ## - MENCIÓN DE EDICIÓN
Mención de edición 3ra. ed.
260 ## - PUBLICACIÓN, DISTRIBUCIÓN, ETC.
Lugar de publicación, distribución, etc. Santo Domingo :
Nombre del editor, distribuidor, etc. CPEP,
Fecha de publicación, distribución, etc. 2016.
300 ## - DESCRIPCIÓN FÍSICA
Extensión 371 p. :
Otras características físicas il., retrs. ;
Dimensiones 23 cm.
490 1# - MENCIÓN DE SERIE
Mención de serie Publicaciones de la Comisión Permanente de Efemérides Patrias
Designación de volumen o secuencia 23
490 1# - MENCIÓN DE SERIE
Mención de serie Academia Dominicana de la Historia
Designación de volumen o secuencia 77
500 ## - NOTA GENERAL
Nota general Incluye datos biográficos de los ensayistas
500 ## - NOTA GENERAL
Nota general Incluye referencias bibliográficas y notas al pie de las páginas
505 0# - NOTA DE CONTENIDO CON FORMATO
Nota de contenido con formato Presentación --
Mención de responsabilidad José Chez Checo --
Título Palabras del Rector Magnífico de la Universidad Autónoma de Santo Domingo Roberto Reyna --
-- Antecedentes históricos y sociológicos de la anexión a España /
Mención de responsabilidad Manuel A. Peña Batlle --
Título Examen crítico de la anexión de Santo domingo a España /
Mención de responsabilidad Alejandro Angulo Guridi --
Título Capotillo y la Restauración /
Mención de responsabilidad Alcides García Lluberes --
Título El día histórico /
Mención de responsabilidad Alcides García Lluberes --
Título La batalla del 6 de septiembre de 1863 /
Mención de responsabilidad César Herrera --
Título Centenario de la Restauración. Ley 3, que declara el año de 1963, Año Centenario de la Restauración Nacional --
-- Decreto 95, que crea la Comisión Nacional del Centenario de la Restauración --
-- Programa de actividades del Centenario de la Restauración --
-- Homilía de Monseñor Hugo E. Planco Brito, en el Centenario de la Restauración --
-- Discurso del Presidente Juan Bosch, en el Centenario de la Restauración --
-- Elogio del gobierno de la Restauración /
Mención de responsabilidad Emilio Rodríguez Demorizi --
Título La restauración y sus enlaces con la historia de occidente /
Mención de responsabilidad Pedro Troncoso Sánchez --
Título Perfil nacionalista de Gregorio Luperón /
Mención de responsabilidad Hugo Tolentino Dipp --
Título Anexión y Guerra Restauradora /
Mención de responsabilidad Juan Daniel Balcácer, Manuel García Arévalo --
Título Reflexiones sobre la Guerra de la Restauración /
Mención de responsabilidad Francisco Antonio Avelino --
Título Anexión, restauración e Iglesia, 1860-1865 /
Mención de responsabilidad Antonio Llubers, sj. --
Título Características de la Guerra Restauradora, 1863-1865 /
Mención de responsabilidad Emilio Cordero Michel --
Título Notas sobre la participación haitiana en la Guerra Restauradora /
Mención de responsabilidad Ricardo Hernández --
Título Apéndices -
-- Acta de Independencia, Santiago, 14 de septiembre de 1863 --
-- Adiciones y firmas en Luperón : notas autobiográficas --
-- Exposición a S.M. la Reina de España --
-- Exposición al gobierno de Inglaterra --
-- Ramón Mella, a sus conciudadano --
590 ## - NOTA LOCAL (RLIN)
Nota local Inventariado, 2019/LP
650 14 - PUNTO DE ACCESO ADICIONAL DE MATERIA--TÉRMINO DE MATERIA
Término de materia o nombre geográfico como elemento de entrada República dominicana
Subdivisión general Historia
Subdivisión cronológica Restauración, 1863-1865
9 (RLIN) 585
650 14 - PUNTO DE ACCESO ADICIONAL DE MATERIA--TÉRMINO DE MATERIA
Término de materia o nombre geográfico como elemento de entrada República dominicana
Subdivisión general Anexión a España 1861-1863
9 (RLIN) 6070
650 10 - PUNTO DE ACCESO ADICIONAL DE MATERIA--TÉRMINO DE MATERIA
Término de materia o nombre geográfico como elemento de entrada Ensayos dominicanos
9 (RLIN) 65
700 1# - PUNTO DE ACCESO ADICIONAL--NOMBRE DE PERSONA
Nombre de persona Balcácer, Juan Daniel,
Fechas asociadas al nombre 1949-
Término indicativo de función/relación ed.
9 (RLIN) 6566
700 1# - PUNTO DE ACCESO ADICIONAL--NOMBRE DE PERSONA
Nombre de persona Chez Checo, José,
Fechas asociadas al nombre 1949-
Término indicativo de función/relación present.
9 (RLIN) 10145
710 1# - PUNTO DE ACCESO ADICIONAL--NOMBRE DE ENTIDAD CORPORATIVA
Nombre de entidad corporativa o nombre de jurisdicción como elemento de entrada República Dominicana
Unidad subordinada Comisión Permanente de Efemérides Patria
9 (RLIN) 45309
830 #0 - PUNTO DE ACCESO ADICIONAL DE SERIE-TÍTULO UNIFORME
Título uniforme Publicaciones de la Comisión Permanente de Efemérides Patrias;
Número de parte o sección de la obra 23
9 (RLIN) 76201
830 #0 - PUNTO DE ACCESO ADICIONAL DE SERIE-TÍTULO UNIFORME
Título uniforme Academia Dominicana de la Historia;
Número de parte o sección de la obra 77
9 (RLIN) 6074
942 ## - ELEMENTOS DE PUNTO DE ACCESO ADICIONAL (KOHA)
Fuente del sistema de clasificación o colocación Dewey Decimal Classification
Tipo de ítem Koha Libro
Holdings
Estado de retiro Estado de pérdida Restricciones de uso No para préstamo Código de colección Localización permanente Ubicación/localización actual Ubicación en estantería Fecha de adquisición Número de inventario Total de préstamos Signatura topográfica completa Código de barras Fecha visto por última vez Número de copia Precio válido a partir de Tipo de ítem Koha
        Dominicana de Servicio General General Depósito 11.04.2019 LF1   972.9304 E59s, 2016 48746-30 25.06.2020 e. 3 25.06.2020 Libro y Folleto Colección Dominicana de Servicio
      Excluido de préstamo Patrimonio Dominicano Patrimonio Dominicano Patrimonio Dominicano Depósito 11.04.2019 LF1   972.9304 E59s, 2016 48746-10 25.06.2020   25.06.2020 Libro y Folleto Colección Patrimonio Dominicano
      Excluido de préstamo Patrimonio Dominicano Patrimonio Dominicano Patrimonio Dominicano Depósito 11.04.2019 LF1   972.9304 E59s, 2016 48746-20 25.06.2020 e. 2 25.06.2020 Libro y Folleto Colección Patrimonio Dominicano

Powered by Koha